Statistics for Secretary-Generals of the United Nations

Click here to take the quiz!

General Stats

  • This quiz has been taken 11 times
  • The average score is 5 of 9

Answer Stats

OfficeName% Correct
1997-2006Kofi Annan
82%
1953-1961Dag Hammarskjöld
73%
2007-2016Ban Ki-Moon
64%
1992-1996Boutros Boutros-Ghali
64%
1961-1971U Thant
64%
2017-António Guterres
55%
1946-1952Trygve Lie
55%
1982-1991Javier Pérez de Cuéllar
45%
1972-1981Kurt Waldheim
45%

Score Distribution

Percentile by Number Answered

Percent of People with Each Score

Your Score History

You have not taken this quiz